Fictional Characters A-Z by Picture - Statistics

General Stats
  • This quiz has been taken 136 times
  • The average score is 12 of 26
Answer Stats
Picture Answer % Correct
Elsa
96%
Darth Vader
93%
Flash
92%
Indiana Jones
87%
Velma
82%
Ben 10
76%
Perry the Platypus
68%
Captain Underpants
61%
Mator
61%
Thing
59%
Oscar the Grouch
57%
Yogi Bear
57%
King Julien
56%
Linus
46%
Hobbes
40%
Wild E. Coyote
40%
Johnny Test
39%
Zuma
24%
Samantha Stevens
23%
Uhura
18%
Aviva
13%
Noah
12%
Gus
11%
Ranger Rick
11%
Quack
8%
Xavier Riddle
6%
No matching quizzes found
Score Distribution
Percent of People with Each Score
Percentile by Number Answered
Your Score History
You have not taken this quiz